| 000 | 00924nam a22003257a 4500 | ||
|---|---|---|---|
| 003 | ELib | ||
| 005 | 20150526155147.0 | ||
| 008 | 130219t xxu||||| |||| 00| 0 eng d | ||
| 020 | _a9719159316 | ||
| 050 |
_aRT 98 _b.R456 2000 |
||
| 100 | _aReyala, Jean P. | ||
| 245 |
_aCommunity health nursing services in the Department of Health Philippines / _cReyala, Jean P. [and 8 others]. |
||
| 250 | _a9th ed. | ||
| 260 |
_aPhilippines : _bNational League of Philippine Government Nurses, Inc. , _c2000. |
||
| 300 |
_a384 pages : _billustrations ; _c24 cm. |
||
| 500 | _aIncludes bibliographical references. | ||
| 650 | _aCommunity health services. | ||
| 650 | _aPublic health. | ||
| 942 |
_2lcc _cBK _kFOR |
||
| 999 |
_c284377 _d284377 |
||